Central Library || Chittagong University

On growth and form , abridged ed./ (Record no. 112128)

MARC details
000 -LEADER
fixed length control field 00488nam a22001697a 4500
003 - CONTROL NUMBER IDENTIFIER
control field BD-ChCU
005 - DATE AND TIME OF LATEST TRANSACTION
control field 20260408091420.0
008 - FIXED-LENGTH DATA ELEMENTS--GENERAL INFORMATION
fixed length control field 260408b bg ||||| |||| 00| 0 ben d
040 ## - CATALOGING SOURCE
Transcribing agency BD-ChCU
082 ## - DEWEY DECIMAL CLASSIFICATION NUMBER
Classification number 574 THO
100 ## - MAIN ENTRY--PERSONAL NAME
Personal name Thompson , D'arcy Wentworth
9 (RLIN) 21329
245 ## - TITLE STATEMENT
Title On growth and form , abridged ed./
Statement of responsibility, etc. D'arcy Wentworth , Thompson ,
260 ## - PUBLICATION, DISTRIBUTION, ETC.
Place of publication, distribution, etc. Bonner :
Name of publisher, distributor, etc. Cambridge , Univ. press ,
Date of publication, distribution, etc. C 1966
300 ## - PHYSICAL DESCRIPTION
Extent xiv, 345p.
650 #0 - SUBJECT ADDED ENTRY--TOPICAL TERM
Topical term or geographic name entry element Biology .
9 (RLIN) 21333
942 ## - ADDED ENTRY ELEMENTS (KOHA)
Source of classification or shelving scheme Dewey Decimal Classification
Koha item type Books
Suppress in OPAC No
Holdings
Withdrawn status Lost status Source of classification or shelving scheme Damaged status Not for loan Home library Current library Shelving location Date acquired Source of acquisition Total Checkouts Full call number Barcode Date last seen Copy number Price effective from Koha item type
    Dewey Decimal Classification     Chittagong University Library Zoology Seminar Library Science Reading Room 04/08/2026 Purchase   574 THO 18809 04/08/2026 C-1 04/08/2026 Books
© Copyright 2026. Chittagong University Library, Installation and Maintenance by Prof. Dr. Md. Alamgir, 01711306253